Prevención del delito y tratamiento al delincuente en Cuba revolucionaria
Guardat en:
| Autor principal: | |
|---|---|
| Format: | Llibre |
| Idioma: | espanyol |
| Publicat: |
La Habana
De Ciencias Sociales
1988
|
| Edició: | 1a. ed |
| Col·lecció: | Jurídica
|
| Matèries: | |
| Etiquetes: |
Afegir etiqueta
Sense etiquetes, Sigues el primer a etiquetar aquest registre!
|
MARC
| LEADER | 00000cam a2200000 a 4500 | ||
|---|---|---|---|
| 001 | UCC5423 | ||
| 003 | CL-VaPUC | ||
| 008 | 181005e19880000cu |||||||||||||||||spa|d | ||
| 082 | 0 | 4 | |a 345.97291 |b KAU |2 21 |
| 100 | 0 | |a Kautzman Torres, Víctor L |e author |9 599762 | |
| 245 | 1 | 0 | |a Prevención del delito y tratamiento al delincuente en Cuba revolucionaria |
| 250 | |a 1a. ed | ||
| 300 | |a 194 p | ||
| 942 | |c BK | ||
| 945 | |d 20181005 11:03:00 |a dcastane | ||
| 260 | |a La Habana |b De Ciencias Sociales |c 1988 | ||
| 650 | 7 | |a DERECHO PENAL |2 CL-VaPUC |9 11 | |
| 650 | 0 | |a Delitos |9 224143 | |
| 650 | 0 | |a Delincuencia |9 335739 | |
| 651 | 7 | |a CUBA |2 CL-VaPUC |9 255263 | |
| 583 | |a last modification |c 20181005 11:03:00 |k Rodrigo Vera | ||
| 490 | 0 | |a Jurídica | |
| 999 | |c 372672 |d 372670 | ||
| 952 | |0 0 |1 0 |3 erb |4 0 |6 345_972910000000000_KAU_1988 |7 0 |8 A |9 490370 |a BIBDER |b BIBDER |e Mateluna Arestizabal, Alfredo Sergio |i 5489415 |o 345.97291 KAU 1988 |p 5489415 |r 2023-01-25 |w 2019-11-24 |y BK |z Catalogado en:20181005 |k DER | ||